Central Library OPAC University of Rajshahi

Creativity and intelligence : (Record no. 30380)

MARC details
000 -LEADER
fixed length control field 00860cam a22002651 4500
001 - CONTROL NUMBER
control field 30380
003 - CONTROL NUMBER IDENTIFIER
rucl marc code BD-RjUL
005 - DATE AND TIME OF LATEST TRANSACTION
control field 20211209051545.0
008 - FIXED-LENGTH DATA ELEMENTS--GENERAL INFORMATION
fixed length control field 140409s1962 enka b 000 0 eng
035 ## - SYSTEM CONTROL NUMBER
System control number (BD-RjUL)30465
040 ## - CATALOGING SOURCE
Original cataloging agency DLC
Transcribing agency DLC
Modifying agency BD-RjUL
Language of cataloging eng
041 ## - LANGUAGE CODE
Language code of text/sound track or separate title eng
082 00 - DEWEY DECIMAL CLASSIFICATION NUMBER
Classification number 136.765
Author mark and year GEC 1962
100 1# - MAIN ENTRY--PERSONAL NAME
Personal name Getzels, Jacob W.
9 (RLIN) 92338
245 10 - TITLE STATEMENT
Title Creativity and intelligence :
Remainder of title explorations with gifted students /
Statement of responsibility, etc. by Jacob W. Getzels and Philip W. Jackson.
260 ## - PUBLICATION, DISTRIBUTION, ETC. (IMPRINT)
Place of publication, distribution, etc. London :
-- New York,
Name of publisher, distributor, etc. Wiley
Date of publication, distribution, etc. 1962
300 ## - PHYSICAL DESCRIPTION
Pagination 293 p. :
Illustrations illus. ;
Size 23 cm.
504 ## - BIBLIOGRAPHY, ETC. NOTE
Bibliography, etc Includes bibliography.
650 #0 - SUBJECT ADDED ENTRY--TOPICAL TERM
Topical term or geographic name as entry element Gifted children.
9 (RLIN) 45563
Topical term or geographic name as entry element Creation (Literary, artistic, etc.)
9 (RLIN) 2740
700 1# - ADDED ENTRY--PERSONAL NAME
Personal name Jackson, Philip W.
Fuller form of name (Philip Wesley),
Dates associated with a name 1928-
Relator term joint author.
942 ## - ADDED ENTRY ELEMENTS (KOHA)
Source of classification or shelving scheme Dewey Decimal Classification
Koha item type Books
Holdings
Lost status Source of classification or shelving scheme Damaged status Not for loan Collection code Permanent Location Current Location Shelving location Date acquired Source of acquisition Cost, normal purchase price Total Checkouts Full call number Date last seen Copy number Koha item type
  Dewey Decimal Classification   Not For Loan Non-fiction Central Library, University of Rajshahi Central Library, University of Rajshahi Reading Room 27/07/1963 Mahmund book 29.75   136.765 GEC 1962 09/04/2014 C-1 Books
  Dewey Decimal Classification     Non-fiction Central Library, University of Rajshahi Central Library, University of Rajshahi   11/02/1965 zeithinger 45.00   136.765 GEC 1962 09/04/2014 C-3 Books